| 000 | 01226nam a2200325 i 4500 | ||
|---|---|---|---|
| 001 | 60269 | ||
| 003 | CO-BoRNBP | ||
| 005 | 20260120150411.0 | ||
| 007 | ta | ||
| 008 | 250218s2025 ck gr 000 1 spa | ||
| 020 |
_a9789587534245 _q(obra completa) |
||
| 020 | _a9789587536676 | ||
| 040 |
_aCO-BoRNBP _bspa _erda _cCO-BoRNBP |
||
| 041 | 0 | _aspa | |
| 043 | _as-ck--- | ||
| 082 | 0 | 4 |
_a860.809861 _223 |
| 245 | 1 | 0 |
_aTerrícolas : _bantología de literatura infantil y juvenil / _cLydia Bolena [y otras diez] ; prólogo de Juliana Muñoz Toro |
| 250 | _aPrimera edición | ||
| 264 | 1 |
_aBogotá, Colombia : _bMinisterio de las Culturas, las Artes y los Saberes : _bBiblioteca Nacional de Colombia, _c2025 |
|
| 300 |
_a107 páginas ; _c21 cm |
||
| 336 |
_aTexto _btxt _2rdacontent |
||
| 337 |
_aSin mediación _bn _2rdamedia |
||
| 338 |
_aVolumen _bnc _2rdacarrier |
||
| 500 | _aIncluye datos biográficos de las autoras | ||
| 650 | 1 | 7 |
_aLiteratura infantil colombiana _ySiglos XIX-XX _vColecciones _2rnbp _968171 |
| 650 | 1 | 7 |
_aLiteratura juvenil Colombiana _ySiglos XIX-XX _vColecciones _2rnbp _968172 |
| 700 | 1 | 0 |
_aMuñoz Toro, Juliana, _d1988- _ewfw _91724 |
| 830 |
_aMujeres escritoras colombianas _968119 |
||
| 942 |
_cBK _n0 _2ddc |
||
| 999 |
_c60269 _d60269 |
||